Drummers - Statistics

General Stats
  • This quiz has been taken 224 times
  • The average score is 9 of 15
Answer Stats
Hint Answer % Correct
Ringo Starr The Beatles
96%
Phil Collins Genesis
89%
John Bonham Led Zeppelin
88%
Lars Ulrich Metallica
88%
Neil Peart Rush
77%
Stewart Copeland The Police
77%
Ginger Baker Cream
72%
Chad Smith Red Hot Chili Peppers
68%
Roger Taylor Queen
66%
Nick Mason Pink Floyd
57%
Ian Paice Deep Purple
47%
Nicko McBrain Iron Maiden
38%
Max Weinberg Bruce Springsteen
27%
Terry Bozzio Frank Zappa
12%
Tim Alexander Primus
8%
No matching quizzes found
Score Distribution
Percent of People with Each Score
Percentile by Number Answered
Your Score History
You have not taken this quiz